[Event "SRI-chB"]
[Site "Colombo"]
[Date "2023.03.12"]
[Round "10"]
[White "Sivathanujan, S."]
[Black "Laksiri, AA Kavishka Gimshan"]
[Result "1/2-1/2"]
[WhiteElo "1834"]
[BlackElo "1486"]
[PlyCount "87"]
[EventDate "2023.03.04"]
[EventType "swiss"]
[EventRounds "11"]
[EventCountry "SRI"]
[SourceTitle "CBM 213 Extra"]
[Source "ChessBase"]
[SourceDate "2023.05.31"]
[SourceVersion "1"]
[SourceVersionDate "2023.05.31"]
[SourceQuality "1"]

1. c4 e5 2. b3 Nf6 3. Bb2 Nc6 4. a3 a5 5. e3 d6 6. Qc2 g6 7. d3 Bg7 8. Nf3 Qe7 9. Nc3 Bf5 10. Nd5 Qd8 11. Be2 0-0 12. 0-0 Nxd5 13. cxd5 Ne7 14. e4 Bg4 15. b4 c6 16. dxc6 Nxc6 17. b5 Bxf3 18. Bxf3 Nd4 19. Bxd4 exd4 20. Bg4 Qg5 21. h3 h5 22. Be2 Qxb5 23. Rab1 Qd7 24. f4 b5 25. f5 Kh7 26. Qb2 Rfb8 27. f6 Bh6 28. Qxd4 Qa7 29. Qxa7 Rxa7 30. Rf3 b4 31. d4 a4 32. axb4 a3 33. Bc4 a2 34. Ra1 Rxb4 35. Rxa2 Rxa2 36. Bxa2 Rxd4 37. Bd5 Bg5 38. Bxf7 Rxe4 39. Bd5 Rf4 40. Rxf4 Bxf4 41. Kf2 h4 42. Kf3 Bg5 43. f7 Kg7 44. Ke4 1/2-1/2

[Event "Eastern Asia-ch U14"]
[Site "Tornelo INT"]
[Date "2021.10.30"]
[Round "6"]
[White "Laksiri, AA Kavishka Gimshan"]
[Black "Shahil, Dey"]
[Result "0-1"]
[WhiteElo "1198"]
[BlackElo "1816"]
[PlyCount "130"]
[EventDate "2021.10.29"]
[EventType "swiss"]
[EventRounds "9"]
[EventCountry "NET"]
[SourceTitle "EXT 2023"]
[Source "ChessBase"]
[SourceDate "2022.10.05"]
[SourceVersion "1"]
[SourceVersionDate "2022.10.05"]
[SourceQuality "1"]

1. e4 c5 2. Nf3 e6 3. d4 cxd4 4. Nxd4 Nf6 5. Nc3 Nc6 6. Bg5 Bb4 7. f3 Qa5 8. Ndb5 a6 9. Bxf6 gxf6 10. Nd6+ Ke7 11. Nc4 Bxc3+ 12. bxc3 Qxc3+ 13. Kf2 Qd4+ 14. Qxd4 Nxd4 15. c3 Nc6 16. a4 d6 17. Be2 Rb8 18. a5 Ne5 19. Rhb1 Bd7 20. Rb4 Nxc4 21. Bxc4 Rbc8 22. Ra3 Bc6 23. Rab3 Rc7 24. Bd3 Rhc8 25. Rb2 d5 26. exd5 Bxd5 27. c4 Bc6 28. Bxh7 f5 29. Bxf5 exf5 30. Ke3 Kf6 31. Rb6 Re8+ 32. Kf4 Rd7 33. R6b4 Rd4+ 34. Kg3 f4+ 35. Kf2 Re3 36. c5 Rxb4 37. Rxb4 Ke5 38. h4 Ra3 39. Kg1 Rxa5 40. h5 Rxc5 41. h6 Kf6 42. Rxf4+ Kg6 43. Rh4 Kh7 44. Kf2 a5 45. Rf4 Kxh6 46. Rxf7 a4 47. Rf8 Ra5 48. Rh8+ Kg7 49. Rh1 a3 50. Ra1 b5 51. Ke3 b4 52. Kd4 b3 53. Kc3 b2 54. Rb1 a2 55. Kxb2 axb1Q+ 56. Kxb1 Rg5 57. f4 Rxg2 58. f5 Kf6 59. Kc1 Ba4 60. Kb1 Kxf5 61. Kc1 Ke4 62. Kb1 Kd3 63. Ka1 Kc3 64. Kb1 Bb3 65. Kc1 Rg1# 0-1

[Event "Eastern Asia-ch U14"]
[Site "Tornelo INT"]
[Date "2021.10.29"]
[Round "3"]
[White "Laksiri, AA Kavishka Gimshan"]
[Black "Burbach, Brunel Baron"]
[Result "1-0"]
[WhiteElo "1198"]
[BlackElo "1673"]
[PlyCount "135"]
[EventDate "2021.10.29"]
[EventType "swiss"]
[EventRounds "9"]
[EventCountry "NET"]
[SourceTitle "EXT 2023"]
[Source "ChessBase"]
[SourceDate "2022.10.05"]
[SourceVersion "1"]
[SourceVersionDate "2022.10.05"]
[SourceQuality "1"]

1. e4 e5 2. Nf3 Nc6 3. Bb5 a6 4. Ba4 Nf6 5. 0-0 b5 6. Bb3 Bc5 7. c3 d6 8. d4 Bb6 9. dxe5 dxe5 10. Qxd8+ Kxd8 11. Bxf7 Bb7 12. Nbd2 Ke7 13. Bd5 Nd7 14. b3 Na5 15. c4 Bxd5 16. exd5 bxc4 17. Ba3+ Kf7 18. b4 Nb7 19. Nxc4 Rhe8 20. Rfe1 Bd4 21. Nxd4 exd4 22. Bb2 Nf6 23. Ne5+ Kg8 24. Bxd4 Nxd5 25. Nc6 Nd6 26. a3 Nf4 27. Kf1 Nd3 28. Red1 Nf4 29. Re1 Nd3 30. Rxe8+ Rxe8 31. Rd1 Nf4 32. g3 Ne6 33. Be5 Nc4 34. a4 Nxe5 35. Nxe5 Rb8 36. Rb1 Nd4 37. Rb2 c5 38. b5 axb5 39. axb5 Rxb5 40. Rxb5 Nxb5 41. Ke2 Nc3+ 42. Kd3 Na4 43. Kc4 g6 44. Nd3 Kg7 45. Nxc5 Nb2+ 46. Kd4 Nd1 47. Nd3 Kf6 48. Kc4 Kf5 49. Kb3 Ke4 50. Kc2 g5 51. Kxd1 Kxd3 52. g4 h6 53. h3 Ke4 54. Ke2 Kf4 55. Kf1 Kf3 56. Kg1 Ke4 57. Kg2 Kf4 58. f3 Ke3 59. Kg3 Kd4 60. f4 Ke4 61. f5 Ke5 62. Kf3 Kf6 63. Ke4 Kf7 64. Kd5 Kf6 65. Kd6 Kf7 66. Ke5 Ke7 67. f6+ Kf7 68. Kf5 1-0

[Event "SRI-ch U14"]
[Site "Nugegoda"]
[Date "2021.03.12"]
[Round "6"]
[White "Laksiri, AA Kavishka Gimshan"]
[Black "Gunawardhana, Devindya Oshini"]
[Result "1-0"]
[WhiteElo "1331"]
[BlackElo "1308"]
[PlyCount "121"]
[EventDate "2021.03.09"]
[EventType "tourn"]
[EventRounds "11"]
[EventCountry "SRI"]
[SourceTitle "CBM 201 Extra"]
[Source "ChessBase"]
[SourceDate "2021.05.31"]
[SourceVersion "1"]
[SourceVersionDate "2021.05.31"]
[SourceQuality "1"]

1. d4 Nf6 2. Bf4 e6 3. e3 d5 4. Nf3 Bd6 5. c3 0-0 6. Nbd2 c5 7. Ne5 Qc7 8. Ndf3 Ne4 9. Nd3 c4 10. Bxd6 Qxd6 11. Nf4 f6 12. Be2 b6 13. h4 Bb7 14. Nd2 Nxd2 15. Qxd2 a5 16. g4 b5 17. g5 e5 18. Nh5 Nd7 19. gxf6 Nxf6 20. Nxf6+ Qxf6 21. 0-0-0 exd4 22. cxd4 b4 23. f4 c3 24. bxc3 Rfc8 25. Kb1 bxc3 26. Qc2 Ba6 27. Bxa6 Qxa6 28. Ka1 a4 29. Rd3 Rc4 30. Rxc3 Rac8 31. Rxc4 Rxc4 32. Qb2 Qc8 33. Rb1 Rc2 34. Qb8 a3 35. Qxc8+ Rxc8 36. Re1 Kf7 37. Kb1 Rb8+ 38. Kc2 Rb2+ 39. Kc3 Rxa2 40. Kb3 Rh2 41. Kxa3 Rxh4 42. Kb4 Ke6 43. Kc5 Rh2 44. f5+ Kxf5 45. Kxd5 Rh4 46. e4+ Kf6 47. Kd6 g5 48. d5 Rh6 49. e5+ Kf7+ 50. e6+ Ke8 51. Ra1 Kf8 52. Kd7 Rxe6 53. dxe6 g4 54. e7+ Kg7 55. e8Q g3 56. Qe7+ Kh6 57. Qf6+ Kh5 58. Qf5+ Kh6 59. Rh1+ Kg7 60. Rxh7+ Kg8 61. Qf7# 1-0